Media, Babilonia y Persia : (Record no. 162900)
[ view plain ]
| 000 -LEADER | |
|---|---|
| campo de control de longitud fija | 01179nam a2200289 i 4500 |
| 001 - NÚMERO DE CONTROL | |
| campo de control | 162900 |
| 003 - IDENTIFICADOR DE NÚMERO DE CONTROL | |
| campo de control | ES-MaACL |
| 005 - FECHA Y HORA DE LA ÚLTIMA TRANSACCIÓN | |
| campo de control | 20251014063234.0 |
| 008 - DATOS DE LONGITUD FIJA--INFORMACIÓN GENERAL | |
| campo de control de longitud fija | 940615s1892 sp a |||| | spa d |
| 080 ## - NÚMERO DE LA CLASIFICACIÓN DECIMAL UNIVERSAL | |
| Número de la Clasificación Decimal Universal | 295.4 |
| 080 ## - NÚMERO DE LA CLASIFICACIÓN DECIMAL UNIVERSAL | |
| Número de la Clasificación Decimal Universal | 94(354) |
| 080 ## - NÚMERO DE LA CLASIFICACIÓN DECIMAL UNIVERSAL | |
| Número de la Clasificación Decimal Universal | 94(355) |
| 100 1# - ENTRADA PRINCIPAL--NOMBRE DE PERSONA | |
| Nombre de persona | Ragozin, Zenaïde Alexeïevna, |
| Fechas asociadas al nombre | 1835-1924 |
| 9 (RLIN) | 131566 |
| 245 10 - MENCIÓN DEL TÍTULO | |
| Título | Media, Babilonia y Persia : |
| Resto del título | desde la caída de Nínive hasta las guerras médicas ; con un estudio del Zend-Avesta o religión de Zoroastro / |
| Mención de responsabilidad, etc. | por Zenaïda A. Ragozin ; version española con ampliaciones y notas por Manuel Sales Ferré. |
| 260 ## - PUBLICACIÓN, DISTRIBUCIÓN, ETC. | |
| Lugar de publicación, distribución, etc. | Madrid : |
| Nombre del editor, distribuidor, etc. | El Progreso Editorial, |
| Fecha de publicación, distribución, etc. | 1892. |
| 300 ## - DESCRIPCIÓN FÍSICA | |
| Extensión | XXII, 437 p., [85] h. de lám. : |
| Otras características físicas | il ; |
| Dimensiones | 22 cm. |
| 490 1# - MENCIÓN DE SERIE | |
| Mención de serie | Historia de las naciones |
| 597 ## - NOTA DE DESCRIPCIÓN FÍSICA | |
| NOTA DE DESCRIPCIÓN FÍSICA | Junto con XVI p. de propaganda ed. |
| 599 ## - NOTA A LAS ILUSTRACIONES | |
| NOTA A LAS ILUSTRACIONES | Lám. e il.: arte babilonio y persa. |
| 650 #4 - PUNTO DE ACCESO ADICIONAL DE MATERIA--TÉRMINO DE MATERIA | |
| Término de materia o nombre geográfico como elemento de entrada | Zoroastrismo. |
| 9 (RLIN) | 147503 |
| 651 #4 - PUNTO DE ACCESO ADICIONAL DE MATERIA--NOMBRE GEOGRÁFICO | |
| Nombre geográfico | Babilonia (Ciudad desaparecida) |
| 9 (RLIN) | 146672 |
| 651 #4 - PUNTO DE ACCESO ADICIONAL DE MATERIA--NOMBRE GEOGRÁFICO | |
| Nombre geográfico | Irán- |
| Subdivisión general | Historia- |
| Subdivisión cronológica | Hasta 640. |
| 9 (RLIN) | 152732 |
| 700 1# - ENTRADA AGREGADA--NOMBRE PERSONAL | |
| Nombre de persona | Sales Ferré, Manuel. |
| 9 (RLIN) | 101880 |
| 830 1# - PUNTO DE ACCESO ADICIONAL DE SERIE-TÍTULO UNIFORME | |
| Título uniforme | Historia de las naciones |
| 9 (RLIN) | 182232 |
| 852 ## - LOCALIZACIÓN | |
| Ubicación | ES-MaACL |
| Número de control de estantería | C-3268 |
| Nota libre | - Enc. tela grabada |
| Estatus retirado | Estado de pérdida | Estado de daño | No para préstamo | Colección | Biblioteca de origen | Biblioteca actual | Ubicación en estantería | Fecha de adquisición | Fuente de adquisición | Total de préstamos | Signatura topográfica completa | Código de barras | Visto por última vez | Precio de reemplazo | Tipo de ítem Koha |
|---|---|---|---|---|---|---|---|---|---|---|---|---|---|---|---|
| Libros del s. XIX | Biblioteca del Ateneo de Madrid | Biblioteca del Ateneo de Madrid | Sala Palomar | 17/01/2008 | C-3268 | 1170680 | 23/02/2023 | 23/02/2023 | Libro impreso antiguo |
